| 000 | 00613nam a22001577a 4500 | ||
|---|---|---|---|
| 999 |
_c38476 _d38476 |
||
| 082 | _aRR.0347 | ||
| 100 |
_aRana, Rachita. _uDepartment of Management Studies, GGSIP University New Delhi _vDelhi. |
||
| 245 |
_aRole of Women Entrepreneurs in Socio-economic development in Urban economy : _ban empirical study / _cRachita, Rana. |
||
| 260 |
_aDelhi: _bIndian council of social science research, |
||
| 300 | _a253p. | ||
| 500 | _aIncludes Bibliography and appendices. | ||
| 536 | _aIndian council of social science research | ||
| 546 | _aEnglish | ||
| 650 |
_aWomen empowerment _xEconomics _zIndia |
||
| 942 |
_2ddc _cRP |
||